000 02819nam a22004575i 4500
999 _c26883
_d26883
006 a|||||o|||| 00| 0
007 cr nn 008mamaa
008 210212s2021 si | s |||| 0|eng d
020 _a9789813349353
_qOnline Resource 1
072 7 _aTRL
_2bicssc
072 7 _aTEC009070
_2bisacsh
072 7 _aTRL
_2thema
082 0 4 _a623.8
_223
100 1 _aYang, Zongming.
245 1 0 _aMarine Power Plant
_h[electronic resource] /
_cby Zongming Yang, Huabing Wen, Xinglin Yang, Viktor Gorbov, Vira Mitienkova, Serhiy Serbin.
250 _a1st ed. 2021.
260 _aLondon
_bSpringer
_c2021
300 _aIX, 335 p. 241 illus., 21 illus. in color.
_bonline resource.
505 0 _aHistory of Marine Power Plants -- Overview of Marine Power Plants -- Marine Diesel Power Plants -- Matching Characteristic of Hull, Engine and Propeller -- Marine Steam-Turbine Power Plants -- Marine Gas Turbine Power Plants.
520 _aThis book describes the history and development of marine power plant. Problems of arrangement, general construction and parameters of marine power plants of all types are considered. It also introduces different characteristics of each type of marine power plant, matching characteristic for diesel propulsion. The book gives a clear idea about different marine power engines, including working principle, structure and application. Readers will understand easily the power system for ships since there are a lot of illustrations and instructions for each of the equipment. This book is useful for students majoring in “marine engineering”, “energy and power engineering” and other related majors. It is also useful for operators of marine institution for learning main design and operation of ship plants.
650 0 _aMarine engineering.
650 0 _aElectric power production.
650 0 _aEngines.
650 1 4 _aMarine Engineering.
650 2 4 _aMechanical Power Engineering.
650 2 4 _aEngine Technology.
700 1 _aWen, Huabing.
_eauthor.
_4aut
_4http://id.loc.gov/vocabulary/relators/aut
700 1 _aYang, Xinglin.
_eauthor.
_4aut
_4http://id.loc.gov/vocabulary/relators/aut
700 1 _aGorbov, Viktor.
_eauthor.
_4aut
_4http://id.loc.gov/vocabulary/relators/aut
700 1 _aMitienkova, Vira.
_eauthor.
_4aut
_4http://id.loc.gov/vocabulary/relators/aut
700 1 _aSerbin, Serhiy.
_eauthor.
_4aut
_4http://id.loc.gov/vocabulary/relators/aut
710 2 _aSpringerLink (Online service)
773 0 _tSpringer Nature eBook
776 0 8 _iPrinted edition:
_z9789813349346
776 0 8 _iPrinted edition:
_z9789813349360
776 0 8 _iPrinted edition:
_z9789813349377
856 4 0 _uhttps://doi.org/10.1007/978-981-33-4935-3
942 _2ddc
_cEBK